Kamus pembaca : Inggeris - Melayu

Bibliographic Details
Main Authors: Hornby, A.S (Author), Parnwell, E.C (Author)
Format: Book
Language:English
Published: Petaling Jaya : Penerbit Fajar Bakti 1980.
Subjects:

MARC

LEADER 00000cam a2200000 7i4500
001 0000029382
005 20241126.0
008 210925 my a eng
020 |a 0195807715 
040 |a INS   |b eng   |e rda 
090 0 0 |a PL5091.8.E5   |b K3 1980 
100 1 |a Hornby, A.S ,   |e author 
245 1 0 |a Kamus pembaca :   |b Inggeris - Melayu   |c A.S. Hornby, E.C. Parnwell 
264 1 |a Petaling Jaya :   |b Penerbit Fajar Bakti   |c 1980. 
300 |a 409 pages :   |b illustration ;   |c 23 cm. 
336 |a text  |2 rdacontent 
337 |a unmediated  |2 rdamedia 
338 |a volume  |2 rdacarrier 
650 0 |a English language   |v Dictionaries   |x Malay 
700 1 |a Parnwell, E.C. ,   |e author 
999 |a 0000022015   |b BOOK   |c Open Shelf   |e Default branch